| 000 | 00475nam a2200145Ia 4500 | ||
|---|---|---|---|
| 001 | 6994 | ||
| 003 | GE_BSU | ||
| 008 | 181216s||||||||xx |||||||||||||| ||und|| | ||
| 040 | _cGE_BSU | ||
| 100 | _aАртоболевский,И.И. | ||
| 245 | _aМеханизмы в современной технике в 7 томах. | ||
| 245 | _bСправочнае пособие. | ||
| 653 | _aМеханизмы в современной технике в 7 томах. | ||
| 942 | _cCF | ||
| 999 |
_c40386 _d40386 |
||